00423nam a2200133Ia 4500008004100000041001200041082001800053100004700071245004200118260003800160300001300198400005400211650002400265231217s9999 xx 000 0 und d aEnglish a005.7 HAN;10 aHan, Jiawei. Kamber, MichelineGray, Jim ed 0aData mining : concepts and techniques c2001bMorgan Kaufmann,aNew Delhi axxiv+550 aMorgan Kaufmann series in data management systems amining,:,techniques